000 01198nam a2200277 a 4500
003 OSt
005 20230614141933.0
007 cr ||||||a|c|a
008 230612s2022 mx ao||fom||| 001 0 spa d
040 _erda
100 1 _9187384
_aCampos Molina, Monserrat Raquel
245 1 0 _aUso de sitios de percha por aves silvestres en El Ejido La Victoria y alrededores en Mapimí, Durango /
_cpor Monserrat Raquel Campos Molina; director de tesis Gonzalo Hernández Ibarra
264 1 _aChapingo, México :
_bEl autor,
_c2022.
300 _a1 recurso en línea (41 páginas):
_bIlustraciones, fotos
336 _2rdacontent
_atexto
_btxt
337 _2rdamedia
_acomputadora
_bc
338 _2rdacarrier
_arecurso en línea
_bcr
502 _bISP
_cURUZA
_d2022
_gLIC
504 _aIncluye referencias bibliográficas: páginas 31-37
650 4 _98612
_aAves
_xIdentificación
650 4 _9142870
_aVida silvestre
_x Conservación
650 4 _9143480
_aAves
_xEspecies
700 1 _954178
_aHernández Ibarra, Gonzalo
_eDirector de tesis
856 _uhttp://10.13.5.2/tesis/tl/1710319-3_Campos_Molina_MonserratRaquel.pdf
_zDESCARGAR PDF
942 _2Clasificación Universidad Autónoma Chapingo
_cTD
999 _c218947
_d218947